000
00285nam a22001337a 4500
008
181017b xxu||||| |||| 00| 0 eng d
020
_a
9780323280488
041
_a
eng
080
_a
610
100
_a
4
101
_a
SHM
245
_a
Clinical Advisor
_c
Ferri,F.F
942
_2
udc
_c
BK
999
_c
49968
_d
49968